000 00293nam a2200121Ia 4500
008 190415s9999 xx 000 0 und d
082 _aRE.0010
100 _aEswaraiah, G.
245 0 _aFolklore of four nomadic communities in Andhra pradesh
260 _c1992
300 _a200
942 _cBK
999 _c14239
_d14239